[Event "Qualifikationsturnier zu Staat"]
[Site "KOeflach"]
[Date "2006.09.07"]
[Round "6"]
[Board "1"]
[White "Mittendorfer, Josef"]
[Black "Poetz, Florian"]
[Result "0-1"]
[WhiteElo "2127"]
[BlackElo "2079"]
[PlyCount "38"]
[EventDate "2006.09.02"]
[EventRounds "9"]
[EventCountry "AUT"]

1.d4 Nf6 2.c4 e6 3.g3 Bb4+ 4.Bd2 c5 5.Bxb4 cxb4 6.Bg2 O-O 7.e4 d6 8.Ne2 e5 9.a3
Qb6 10.Qd2 Na6 11.axb4 Nxb4 12.O-O Nc6 13.Rd1 Bg4 14.f3 Bh5 15.Na3 Rac8 16.Nc2
exd4 17.Nexd4 Ne5 18.Qf2 Rxc4 19.Ne3 Rxd4

[Event "Qualifikationsturnier zu Staat"]
[Site "KOeflach"]
[Date "2006.09.07"]
[Round "6"]
[Board "1"]
[White "Wersching, Alfred"]
[Black "Halvax, Georg"]
[Result "0-1"]
[WhiteElo "2080"]
[BlackElo "1969"]
[PlyCount "137"]
[EventDate "2006.09.02"]
[EventRounds "9"]
[EventCountry "AUT"]

1.d4 d5 2.c4 e6 3.Nc3 c6 4.e4 dxe4 5.Nxe4 Be7 6.Nf3 Nf6 7.Bd3 Nbd7 8.O-O O-O
9.Re1 b6 10.Ne5 Bb7 11.Qf3 Qc8 12.Qh3 g6 13.Bh6 Re8 14.Nxf7 Nxe4 15.Rxe4 Nf6
16.Ne5 Nxe4 17.Bxe4 Bf6 18.Qf3 Bxe5 19.dxe5 Qc7 20.Qf6 Rad8 21.Bg5 Qd7 22.Qf3
Rf8 23.Bf6 Qd4 24.h4 Qxb2 25.Rf1 Qd2 26.Qg4 Rxf6 27.exf6 Kf7 28.h5 Qh6 29.hxg6+
hxg6 30.Re1 Bc8 31.Qf3 Rh8 32.g3 Qh2+ 33.Kf1 Qh3+ 34.Ke2 Qh5 35.g4 Qc5 36.Bd3
Qe5+ 37.Be4 Ba6 38.Qd3 Qb2+ 39.Kf1 Kxf6 40.Qf3+ Ke7 41.Bxg6 Bxc4+ 42.Kg1 Bd5
43.Qf7+ Kd8 44.Bh5 Qd4 45.Qg6 Qf4 46.Re3 Rf8 47.Qc2 Kd7 48.Qh7+ Kd6 49.Qc2 Qf6
50.Qe2 Qh4 51.f3 Qg3+ 52.Qg2 Qxg2+ 53.Kxg2 Bxa2 54.Kg3 e5 55.g5 a5 56.g6 Bd5
57.Kg4 b5 58.Kg5 b4 59.g7 Rb8 60.Kf6 b3 61.Rxe5 b2 62.Bg6 a4 63.f4 a3 64.Rxd5+
cxd5 65.Bb1 d4 66.f5 d3 67.Kf7 d2 68.g8=Q Rxg8 69.Kxg8

[Event "Qualifikationsturnier zu Staat"]
[Site "KOeflach"]
[Date "2006.09.07"]
[Round "6"]
[Board "1"]
[White "Holzbauer, Johannes"]
[Black "Saxer, Bernhard"]
[Result "1/2-1/2"]
[WhiteElo "2098"]
[BlackElo "2057"]
[PlyCount "27"]
[EventDate "2006.09.02"]
[EventRounds "9"]
[EventCountry "AUT"]

1.d4 Nf6 2.c4 c5 3.d5 e6 4.dxe6 fxe6 5.g3 Be7 6.Bg2 d5 7.Nf3 Nc6 8.O-O O-O 9.Bf4
Nh5 10.Bc1 d4 11.e3 Nf6 12.exd4 cxd4 13.Bf4 Qb6 14.Qe2

[Event "Qualifikationsturnier zu Staat"]
[Site "KOeflach"]
[Date "2006.09.08"]
[Round "7"]
[Board "1"]
[White "Bawart, Markus"]
[Black "Fahrner, Kurt"]
[Result "1/2-1/2"]
[WhiteElo "2334"]
[BlackElo "2346"]
[PlyCount "24"]
[EventDate "2006.09.02"]
[EventRounds "9"]
[EventCountry "AUT"]

1.Nf3 Nf6 2.c4 c6 3.Nc3 d5 4.e3 a6 5.b3 Bg4 6.Be2 e6 7.O-O Nbd7 8.Bb2 Be7 9.cxd5
cxd5 10.Nd4 Bxe2 11.Qxe2 O-O 12.f4 Ne4

[Event "Qualifikationsturnier zu Staat"]
[Site "KOeflach"]
[Date "2006.09.08"]
[Round "7"]
[Board "1"]
[White "Neumeier, Klaus"]
[Black "Neuschmied, Siegfried"]
[Result "1-0"]
[WhiteElo "2283"]
[BlackElo "2295"]
[PlyCount "78"]
[EventDate "2006.09.02"]
[EventRounds "9"]
[EventCountry "AUT"]

1.e4 c5 2.Nf3 d6 3.Bb5+ Bd7 4.Bxd7+ Qxd7 5.c4 e5 6.O-O Ne7 7.Nc3 Ng6 8.d3 Nc6
9.a3 Be7 10.Rb1 O-O 11.b4 f5 12.exf5 Rxf5 13.b5 Nd8 14.Be3 Ne6 15.Nd2 Raf8
16.Nde4 Ngf4 17.g3 Ng6 18.Qg4 Bd8 19.Nd5 Ne7 20.Nxe7+ Bxe7 21.Nc3 h5 22.Qe4 Bg5
23.Nd5 Rf3 24.Qg6 R8f5 25.b6 a6 26.Nc7 Nf8 27.Qe8 Bd8 28.h4 Rf7 29.Kg2 R3f5
30.Qxd7 Nxd7 31.f4 Nxb6 32.Ne6 Nxc4 33.dxc4 Ba5 34.Rfd1 Re7 35.Rxd6 Rf6 36.f5
Rxf5 37.Nxc5 Rff7 38.Ne4 Rd7 39.Rbd1 Rc7

[Event "Qualifikationsturnier zu Staat"]
[Site "KOeflach"]
[Date "2006.09.08"]
[Round "7"]
[Board "1"]
[White "Lendwai, Reinhard"]
[Black "Hoelzl, Franz"]
[Result "1/2-1/2"]
[WhiteElo "2428"]
[BlackElo "2351"]
[PlyCount "74"]
[EventDate "2006.09.02"]
[EventRounds "9"]
[EventCountry "AUT"]

1.e4 c5 2.Nf3 e6 3.d4 cxd4 4.Nxd4 Nc6 5.Nxc6 bxc6 6.Bd3 e5 7.O-O Nf6 8.Nd2 d6
9.Nc4 Be7 10.Kh1 O-O 11.f4 Qc7 12.Qf3 Be6 13.fxe5 dxe5 14.Bd2 Nd7 15.Ne3 Rad8
16.Nf5 Bxf5 17.Qxf5 Nc5 18.Rf3 Nxd3 19.cxd3 Bc5 20.Rc1 Bd4 21.Rh3 g6 22.Qf6 Rd6
23.Qh4 f5 24.Ba5 Qd7 25.Bb4 c5 26.Ba3 f4 27.Qe1 g5 28.Bxc5 Bxc5 29.Rxc5 g4
30.Rh5 f3 31.gxf3 Rxd3 32.Rg5+ Kh8 33.Rd5 Rxd5 34.exd5 Qxd5 35.Qxe5+ Qxe5
36.Rxe5 Rxf3 37.Re7 Rf2

[Event "Qualifikationsturnier zu Staat"]
[Site "KOeflach"]
[Date "2006.09.08"]
[Round "7"]
[Board "1"]
[White "Wukits, Rene"]
[Black "Baumegger, Siegfried"]
[Result "0-1"]
[WhiteElo "2298"]
[BlackElo "2411"]
[PlyCount "22"]
[EventDate "2006.09.02"]
[EventRounds "9"]
[EventCountry "AUT"]

1.d4 d5 2.c4 dxc4 3.Nf3 Nf6 4.Nc3 c6 5.a4 Bf5 6.e3 e6 7.Bxc4 Bb4 8.O-O Nbd7
9.Qe2 Bg4 10.e4 Nb6 11.Be3 Bxc3

[Event "Qualifikationsturnier zu Staat"]
[Site "KOeflach"]
[Date "2006.09.08"]
[Round "7"]
[Board "1"]
[White "Steiner, Bruno"]
[Black "Ganaus, Hannes"]
[Result "0-1"]
[WhiteElo "2253"]
[BlackElo "2318"]
[PlyCount "54"]
[EventDate "2006.09.02"]
[EventRounds "9"]
[EventCountry "AUT"]

1.d4 e6 2.e4 d5 3.Nc3 Bb4 4.e5 c5 5.a3 Bxc3+ 6.bxc3 Qc7 7.Nf3 Ne7 8.Bd3 h6 9.O-O
b6 10.dxc5 bxc5 11.Re1 O-O 12.c4 Ba6 13.cxd5 exd5 14.c4 Bxc4 15.Bxc4 dxc4 16.Qc2
Qc6 17.Qxc4 Na6 18.e6 f6 19.Nh4 Rad8 20.Nf5 Rfe8 21.Nxh6+ gxh6 22.Qg4+ Kh7
23.Bxh6 Rg8 24.Qh3 Rxg2+ 25.Kf1 Rg6 26.Bf8+ Kg8 27.Bxe7 Rd2

[Event "Qualifikationsturnier zu Staat"]
[Site "KOeflach"]
[Date "2006.09.08"]
[Round "7"]
[Board "1"]
[White "Lenz, Alarich"]
[Black "Petschar, Kurt"]
[Result "1-0"]
[WhiteElo "2196"]
[BlackElo "2284"]
[PlyCount "69"]
[EventDate "2006.09.02"]
[EventRounds "9"]
[EventCountry "AUT"]

1.c4 e5 2.Nc3 Nc6 3.Nf3 f5 4.d4 e4 5.Ng5 Bb4 6.Nh3 Nf6 7.Bd2 Be7 8.e3 O-O 9.Be2
Kh8 10.Nf4 Bd6 11.d5 Ne7 12.h4 Ng6 13.Qc2 c6 14.Nxg6+ hxg6 15.O-O-O a6 16.f3
cxd5 17.h5 gxh5 18.Nxd5 Nxd5 19.Rxh5+ Kg8 20.cxd5 b5 21.fxe4 Bb7 22.Kb1 Rc8
23.Qd3 Qe8 24.exf5 Rc4 25.Bf3 Be5 26.Rdh1 Kf7 27.Rh7 Qb8 28.R1h6 Ke8 29.Bh5+ Ke7
30.d6+ Kd8 31.Ba5+ Kc8 32.Rh8 Bxd6 33.Rxf8+ Bxf8 34.Re6 Bxg2 35.Re8+

[Event "Qualifikationsturnier zu Staat"]
[Site "KOeflach"]
[Date "2006.09.08"]
[Round "7"]
[Board "1"]
[White "Schnider, Gert"]
[Black "Titz, Heimo"]
[Result "0-1"]
[WhiteElo "2270"]
[BlackElo "2286"]
[PlyCount "118"]
[EventDate "2006.09.02"]
[EventRounds "9"]
[EventCountry "AUT"]

1.d4 Nf6 2.c4 e6 3.Nc3 Bb4 4.Qc2 c5 5.dxc5 Na6 6.a3 Qa5 7.Bd2 Nxc5 8.Rd1 Bxc3
9.Bxc3 Qa4 10.Qxa4 Nxa4 11.Bd4 b6 12.b3 Nc5 13.b4 Na4 14.e3 Ba6 15.Bd3 Ke7
16.Bc2 b5 17.c5 Bb7 18.f3 Bc6 19.Ne2 a5 20.e4 axb4 21.axb4 Rhb8 22.Kf2 Ne8
23.Rd2 f6 24.Rhd1 Nc7 25.g4 e5 26.Ba1 Ne6 27.Bb3 Rb7 28.Rb1 Rba7 29.Rdd1 Rd8
30.Rd6 Naxc5 31.bxc5 Nxc5 32.Rdd1 Rxa1 33.Rxa1 Nxb3 34.Rab1 Nc5 35.Nc3 Na4
36.Rd3 Nxc3 37.Rxc3 h5 38.gxh5 Rh8 39.Kg3 Rxh5 40.h4 g5 41.hxg5 Rxg5+ 42.Kf2 f5
43.Re1 fxe4 44.fxe4 Rg4 45.Kf3 Rf4+ 46.Kg3 Kd6 47.Rd1+ Ke6 48.Re1 Rxe4 49.Rxe4
Bxe4 50.Kf2 Bd5 51.Rc8 Bc6 52.Ke3 Kd5 53.Kd3 Kc5 54.Re8 e4+ 55.Kc3 b4+ 56.Kb3
Bd5+ 57.Ka4 b3 58.Ka3 Kd4 59.Re7 Be6

[Event "Qualifikationsturnier zu Staat"]
[Site "KOeflach"]
[Date "2006.09.08"]
[Round "7"]
[Board "1"]
[White "Wiedner, Robert"]
[Black "Ferrari, Josef"]
[Result "1-0"]
[WhiteElo "2143"]
[BlackElo "2152"]
[PlyCount "107"]
[EventDate "2006.09.02"]
[EventRounds "9"]
[EventCountry "AUT"]

1.Nf3 c5 2.e4 d6 3.Bb5+ Bd7 4.Bxd7+ Nxd7 5.O-O Ngf6 6.Re1 g6 7.a4 Bg7 8.Na3 O-O
9.d3 a6 10.Bd2 b6 11.Rb1 Qc7 12.h3 Qc6 13.c3 b5 14.axb5 axb5 15.Qe2 e6 16.Nh2
Rfb8 17.Nc2 Ra2 18.f4 Nb6 19.Bc1 Na4 20.Ra1 Rxa1 21.Nxa1 Nd7 22.Nc2 b4 23.cxb4
Nxb2 24.Bxb2 Bxb2 25.bxc5 Qxc5+ 26.Kh1 Bc3 27.Rf1 Rb2 28.Qd1 Bg7 29.Ne1 Qb4
30.Nef3 Nc5 31.Ng4 Qb3 32.e5 h5 33.Ne3 dxe5 34.fxe5 Nxd3 35.Qa1 Ra2 36.Qd4 Ra8
37.Nc4 Qc2 38.Ng5 Qe2 39.Rxf7 Qe1+ 40.Kh2 Nxe5 41.Rxg7+ Kxg7 42.Nxe5 Qa1 43.Qe4
Kf6 44.Qf4+ Ke7 45.Qf7+ Kd6 46.Qxe6+ Kc5 47.Qc6+ Kd4 48.Ngf3+ Ke3 49.Qc5+ Ke4
50.Qc4+ Ke3 51.Qd3+ Kf2 52.Qd2+ Kf1 53.Nc4 Re8 54.Ne3+

[Event "Qualifikationsturnier zu Staat"]
[Site "KOeflach"]
[Date "2006.09.08"]
[Round "7"]
[Board "1"]
[White "Genser, Harald"]
[Black "Krebs, Johann"]
[Result "1-0"]
[WhiteElo "2332"]
[BlackElo "2276"]
[PlyCount "61"]
[EventDate "2006.09.02"]
[EventRounds "9"]
[EventCountry "AUT"]

1.d4 c5 2.d5 g6 3.e4 d6 4.Bd3 Nf6 5.Nd2 Bg7 6.Ne2 O-O 7.O-O Na6 8.a4 Nc7 9.f4 e6
10.c4 exd5 11.cxd5 Re8 12.h3 c4 13.Bc2 Na6 14.Nc3 Nc5 15.Re1 Nh5 16.Nxc4 Qh4
17.Re3 Nxf4 18.Rf3 Be5 19.Nxe5 dxe5 20.b4 Na6 21.Bxf4 exf4 22.Qd4 Bd7 23.b5 Nc7
24.Raf1 g5 25.e5 Rad8 26.Ne4 h5 27.Nf6+ Kf8 28.Qc5+ Kg7 29.Nxe8+ Nxe8 30.e6 fxe6
31.Qe7+

[Event "Qualifikationsturnier zu Staat"]
[Site "KOeflach"]
[Date "2006.09.08"]
[Round "7"]
[Board "1"]
[White "Poetz, Florian"]
[Black "Schachinger, Mario"]
[Result "1-0"]
[WhiteElo "2079"]
[BlackElo "2277"]
[PlyCount "89"]
[EventDate "2006.09.02"]
[EventRounds "9"]
[EventCountry "AUT"]

1.c4 e5 2.Nc3 Nc6 3.g3 g6 4.Bg2 Bg7 5.e3 d6 6.Nge2 Nh6 7.Rb1 O-O 8.O-O Be6 9.Nd5
Qd7 10.d3 Bh3 11.b4 Bxg2 12.Kxg2 Nd8 13.Bb2 c6 14.Ndc3 Ne6 15.b5 f5 16.bxc6 bxc6
17.f4 Ng4 18.Qd2 Rfe8 19.h3 Nf6 20.Kh2 exf4 21.exf4 Rab8 22.Ba3 d5 23.Rxb8 Rxb8
24.Rd1 Rd8 25.Qc2 h5 26.Na4 h4 27.Nc5 hxg3+ 28.Kg2 Nxc5 29.Bxc5 Nh5 30.Be3 Re8
31.Kf3 Qe7 32.Bc1 Qh4 33.Kg2 Bh6 34.Rf1 g5 35.fxg5 Bxg5 36.cxd5 cxd5 37.Bb2 Ng7
38.Bxg7 Kxg7 39.Nxg3 Kg8 40.Qc6 Rd8 41.Qe6+ Kh8 42.Rxf5 Rg8 43.Qe5+ Rg7 44.Rf8+
Kh7 45.Qe8

[Event "Qualifikationsturnier zu Staat"]
[Site "KOeflach"]
[Date "2006.09.08"]
[Round "7"]
[Board "1"]
[White "Gneiss, Karl"]
[Black "Holzer, Gerhard"]
[Result "0-1"]
[WhiteElo "2103"]
[BlackElo "2251"]
[PlyCount "72"]
[EventDate "2006.09.02"]
[EventRounds "9"]
[EventCountry "AUT"]

1.e4 c5 2.c3 b6 3.d4 cxd4 4.cxd4 Bb7 5.Nc3 g6 6.Bc4 Bg7 7.Nf3 a6 8.Bg5 Nf6 9.Qe2
O-O 10.e5 d5 11.Bd3 Ne8 12.O-O Nc6 13.Rac1 Nc7 14.Be3 Ne6 15.Rfd1 b5 16.Qd2 Re8
17.Bf1 Qd7 18.g3 Rad8 19.Ne2 f6 20.Bh3 fxe5 21.dxe5 Nxe5 22.Nxe5 Bxe5 23.Bb6 d4
24.Bxd8 Rxd8 25.Qd3 Qd5 26.Bxe6+ Qxe6 27.f3 Qxa2 28.Rc5 Bd6 29.Rc2 e5 30.b3 Qa5
31.g4 Qb6 32.Ng3 Rf8 33.Rf1 Rf4 34.Re2 Bd5 35.Ne4 Be7 36.Nc3 dxc3+

[Event "Qualifikationsturnier zu Staat"]
[Site "KOeflach"]
[Date "2006.09.08"]
[Round "7"]
[Board "1"]
[White "Schwab, Rene"]
[Black "Zojer, Thomas"]
[Result "1-0"]
[WhiteElo "2224"]
[BlackElo "2088"]
[PlyCount "45"]
[EventDate "2006.09.02"]
[EventRounds "9"]
[EventCountry "AUT"]

1.c4 Nf6 2.g3 d5 3.cxd5 Nxd5 4.Nc3 c6 5.Bg2 g6 6.e4 Nb6 7.d4 Bg7 8.Nge2 O-O
9.O-O N8d7 10.Qc2 Nf6 11.f3 Nbd7 12.Rd1 Re8 13.Be3 e6 14.Bf2 Rf8 15.b4 a5 16.b5
Nb8 17.Rab1 Qe7 18.Na4 Nfd7 19.Nec3 Rd8 20.e5 c5 21.f4 cxd4 22.Bxd4 Bf8 23.Ne4

[Event "Qualifikationsturnier zu Staat"]
[Site "KOeflach"]
[Date "2006.09.08"]
[Round "7"]
[Board "1"]
[White "Frank, Paul"]
[Black "Kreindl, Helmut"]
[Result "1-0"]
[WhiteElo "2151"]
[BlackElo "2200"]
[PlyCount "109"]
[EventDate "2006.09.02"]
[EventRounds "9"]
[EventCountry "AUT"]

1.d4 d5 2.Nf3 Nf6 3.g3 Bf5 4.Bg2 e6 5.O-O Be7 6.c4 c6 7.Nc3 h6 8.Nd2 O-O 9.e4
dxe4 10.Ndxe4 Nbd7 11.Be3 Nxe4 12.Nxe4 Nf6 13.Nc3 Ng4 14.Bf4 Bd6 15.h3 Nf6
16.Be3 Qd7 17.g4 Bh7 18.d5 cxd5 19.cxd5 Rfd8 20.g5 Nxd5 21.Nxd5 exd5 22.gxh6 Bf8
23.Bg5 f6 24.Bh4 g5 25.Bg3 Rac8 26.Qd4 Be4 27.Qxf6 Rc6 28.Qxg5+ Rg6 29.h7+ Kh8
30.Qh5 Qg7 31.Bxe4 dxe4 32.Kh1 Rg5 33.Qh4 Bd6 34.Rad1 Qe7 35.Qh6 Bxg3 36.Rxd8+
Qxd8 37.fxg3 Rg7 38.Kg2 Qe7 39.Qf6 Qc7 40.Qf4 Re7 41.Qxc7 Rxc7 42.Rf2 Kxh7 43.g4
Rd7 44.b3 Kg6 45.Kg3 Rd3+ 46.Kh4 Re3 47.g5 Re1 48.Rf6+ Kg7 49.Kh5 e3 50.h4 e2
51.Rf2 a5 52.g6 b5 53.Rf7+ Kg8 54.Re7 Kf8 55.g7+

[Event "Qualifikationsturnier zu Staat"]
[Site "KOeflach"]
[Date "2006.09.08"]
[Round "7"]
[Board "1"]
[White "Winiwarter, Felix"]
[Black "Meier, Alexander"]
[Result "0-1"]
[WhiteElo "2175"]
[BlackElo "2145"]
[PlyCount "70"]
[EventDate "2006.09.02"]
[EventRounds "9"]
[EventCountry "AUT"]

1.d4 Nf6 2.Nf3 g6 3.c4 Bg7 4.Nc3 O-O 5.g3 d6 6.Bg2 Nbd7 7.O-O e5 8.h3 c6 9.e4
Qc7 10.Be3 exd4 11.Nxd4 Re8 12.Qc2 Nc5 13.Nb3 Nxb3 14.axb3 b6 15.Bd4 Bb7 16.f4
Nh5 17.Bxg7 Nxg7 18.Qd2 b5 19.Kh2 b4 20.Nd1 f5 21.Nf2 Re7 22.c5 dxc5 23.e5 a6
24.Qc2 Ne6 25.Nd3 Qb6 26.Rfc1 Rd8 27.h4 Kg7 28.Kh3 Rd4 29.Bf1 c4 30.bxc4 c5
31.Bg2 Bxg2+ 32.Kxg2 Red7 33.Rd1 Qc6+ 34.Kh3 Qf3 35.Rxa6 Rxd3

[Event "Qualifikationsturnier zu Staat"]
[Site "KOeflach"]
[Date "2006.09.08"]
[Round "7"]
[Board "1"]
[White "Halvax, Georg"]
[Black "Bachler, Reinhard"]
[Result "1/2-1/2"]
[WhiteElo "1969"]
[BlackElo "2274"]
[PlyCount "126"]
[EventDate "2006.09.02"]
[EventRounds "9"]
[EventCountry "AUT"]

1.e4 c5 2.Nf3 d6 3.d4 cxd4 4.Nxd4 Nf6 5.Nc3 a6 6.Be3 e5 7.Nb3 Be6 8.f3 Nbd7
9.Qd2 Rc8 10.O-O-O Be7 11.g4 O-O 12.h4 Nb6 13.Qf2 Nc4 14.Bxc4 Rxc4 15.h5 Nd7
16.g5 Bxg5 17.Rxd6 Qe7 18.Rdd1 Rfc8 19.Rhg1 h6 20.Kb1 f6 21.Qd2 Qf7 22.Rh1 b6
23.Qf2 a5 24.Rd3 a4 25.Nd2 R4c6 26.a3 Nc5 27.Bxc5 Rxc5 28.Nxa4 Rxc2 29.Nc3 R8xc3
30.bxc3 Ra2 31.Qxb6 Rxa3 32.Qb8+ Kh7 33.Rd8 g6 34.Rf8 Qg7 35.hxg6+ Kxg6 36.Qe8+
Bf7 37.Qxf7+ Qxf7 38.Rxf7 Kxf7 39.Kb2 Ra8 40.Nc4 Ke6 41.Kb3 Rb8+ 42.Kc2 Rd8
43.Rh2 Rh8 44.Rh3 h5 45.Kd3 Rd8+ 46.Ke2 h4 47.Ne3 Kd6 48.Nf5+ Kc5 49.Kf2 Rh8
50.Ke2 Kc4 51.Nd6+ Kb3 52.Nf5 Ra8 53.Kf2 Rh8 54.Ke2 Rd8 55.Kf2 Rd2+ 56.Kf1 Ra2
57.Nxh4 Bxh4 58.Rxh4 Kxc3 59.Rh6 Ra6 60.Kf2 Kd3 61.Rh7 Ra2+ 62.Kg3 Ke3 63.Rf7
Ra6

[Event "Qualifikationsturnier zu Staat"]
[Site "KOeflach"]
[Date "2006.09.08"]
[Round "7"]
[Board "1"]
[White "Roth, Peter"]
[Black "Nickl, Klaus"]
[Result "1/2-1/2"]
[WhiteElo "2249"]
[BlackElo "2181"]
[PlyCount "37"]
[EventDate "2006.09.02"]
[EventRounds "9"]
[EventCountry "AUT"]

1.e4 e6 2.d4 d5 3.Nc3 h6 4.Nf3 Nf6 5.Bd3 c5 6.e5 Nfd7 7.dxc5 Nc6 8.Qe2 Nxc5
9.Bf4 Nxd3+ 10.cxd3 a6 11.h4 Bd7 12.Bg3 Bc5 13.Rc1 Nd4 14.Nxd4 Bxd4 15.Qg4 Bxc3+
16.Rxc3 O-O 17.Bf4 Kh7 18.Be3 Qa5 19.a3

[Event "Qualifikationsturnier zu Staat"]
[Site "KOeflach"]
[Date "2006.09.08"]
[Round "7"]
[Board "1"]
[White "Prager, Manfred"]
[Black "Hatzl, Johannes"]
[Result "1/2-1/2"]
[WhiteElo "2035"]
[BlackElo "2113"]
[PlyCount "123"]
[EventDate "2006.09.02"]
[EventRounds "9"]
[EventCountry "AUT"]

1.e4 c5 2.Nf3 e6 3.Be2 Nc6 4.d4 cxd4 5.Nxd4 Nf6 6.Nc3 Bc5 7.Nb3 Bb4 8.Qd3 d5
9.exd5 Qxd5 10.O-O Qxd3 11.Bxd3 Bxc3 12.bxc3 O-O 13.Nd4 Bd7 14.Rb1 b6 15.Ba6 Na5
16.Nb3 Nc6 17.Nd4 Rad8 18.Ba3 Rfe8 19.Rfe1 Nd5 20.Bb7 Nxd4 21.cxd4 Nc3 22.Ra1
Rb8 23.Ba6 Bb5 24.Bxb5 Nxb5 25.Bb2 Rbc8 26.Re2 Red8 27.Rd2 Rc4 28.a4 Nc3 29.a5
b5 30.h3 Rcxd4 31.Rxd4 Ne2+ 32.Kf1 Nxd4 33.Rd1 Nc6 34.Rxd8+ Nxd8 35.a6 Nc6
36.Ba3 Nb8 37.Bc5 Nxa6 38.Bxa7 Nb4 39.Bc5 Nxc2 40.Ke2 e5 41.Kd2 Nd4 42.Bxd4 exd4
43.Kd3 f5 44.Kxd4 Kf7 45.Kc5 Ke6 46.Kxb5 Kd5 47.Kb6 g5 48.Kc7 g4 49.h4 f4 50.Kd7
f3 51.gxf3 gxf3 52.h5 h6 53.Ke7 Ke5 54.Kf7 Kf5 55.Ke7 Kg5 56.Ke6 Kxh5 57.Kf5 Kh4
58.Kf4 h5 59.Kxf3 Kh3 60.Kf4 Kg2 61.Kg5 Kxf2 62.Kxh5

[Event "Qualifikationsturnier zu Staat"]
[Site "KOeflach"]
[Date "2006.09.08"]
[Round "7"]
[Board "1"]
[White "Saxer, Bernhard"]
[Black "Srienz, Christian"]
[Result "0-1"]
[WhiteElo "2057"]
[BlackElo "2261"]
[PlyCount "78"]
[EventDate "2006.09.02"]
[EventRounds "9"]
[EventCountry "AUT"]

1.e4 c5 2.Nf3 Nc6 3.d4 cxd4 4.Nxd4 Nf6 5.Nc3 d6 6.Bc4 e5 7.Nb3 Be6 8.Qe2 Rc8
9.Nd5 Be7 10.O-O O-O 11.Bd2 Kh8 12.Rad1 Nd7 13.f4 exf4 14.Bxf4 Nce5 15.Bxe5 Nxe5
16.Rd4 Bg4 17.Rf3 Bxf3 18.gxf3 Bf6 19.f4 Nf3+ 20.Qxf3 Bxd4+ 21.Nxd4 Rxc4 22.c3
Qh4 23.Qe2 Ra4 24.Nf5 Qh3 25.b3 Ra5 26.c4 b5 27.Nxd6 bxc4 28.bxc4 Qa3 29.e5 Qxa2
30.Qxa2 Rxa2 31.Ne7 g6 32.Nc6 Kg7 33.f5 gxf5 34.Nxf5+ Kg6 35.Nd6 Kg5 36.c5 Kf4
37.Kf1 Rxh2 38.Nd4 Ra2 39.e6 fxe6

[Event "Qualifikationsturnier zu Staat"]
[Site "KOeflach"]
[Date "2006.09.08"]
[Round "7"]
[Board "1"]
[White "FrOewis, Georg"]
[Black "Brunner, Gerhard"]
[Result "1-0"]
[WhiteElo "2112"]
[BlackElo "2027"]
[PlyCount "129"]
[EventDate "2006.09.02"]
[EventRounds "9"]
[EventCountry "AUT"]

1.e4 b6 2.d4 Bb7 3.Bd3 Nf6 4.Nd2 e6 5.c3 c5 6.Ne2 d5 7.e5 Nfd7 8.f4 Be7 9.Nf3
Ba6 10.Bc2 O-O 11.Be3 cxd4 12.Nexd4 Qc8 13.h4 Nc6 14.Bxh7+ Kxh7 15.Ng5+ Kh6
16.f5 Nxd4 17.Nxe6+ Kh7 18.Qh5+ Kg8 19.Ng5 Nf6 20.exf6 Qxf5 21.Bxd4 Bxf6
22.O-O-O Bxd4 23.Rxd4 f6 24.g4 Be2 25.gxf5 Bxh5 26.Ne6 Rf7 27.Rh3 Rd7 28.Rhd3
Bf7 29.Rxd5 Rxd5 30.Rxd5 Bxe6 31.fxe6 Kf8 32.Rd7 Re8 33.Rd6 Re7 34.Rc6 g6 35.a4
f5 36.a5 bxa5 37.h5 gxh5 38.Rc5 Rxe6 39.Rxf5+ Ke7 40.Rxh5 Ra6 41.Rh7+ Kd8 42.Kb1
Kc8 43.Ka2 Kb8 44.Ka3 Rb6 45.b3 Rc6 46.c4 Rb6 47.Rh5 Rf6 48.Rxa5 Rg6 49.Rh5 Rf6
50.Rh7 Ra6+ 51.Kb4 Rb6+ 52.Kc3 Rg6 53.c5 Rg4 54.b4 Rf4 55.b5 Rg4 56.c6 Rf4
57.Kb3 Rg4 58.Rh8+ Kc7 59.Ra8 Rg3+ 60.Kb4 a5+ 61.Ka4 Rg1 62.Ra7+ Kb8 63.b6 Ra1+
64.Kb5 Rb1+ 65.Ka6

[Event "Qualifikationsturnier zu Staat"]
[Site "KOeflach"]
[Date "2006.09.08"]
[Round "7"]
[Board "1"]
[White "Holzbauer, Johannes"]
[Black "Mittendorfer, Josef"]
[Result "0-1"]
[WhiteElo "2098"]
[BlackElo "2127"]
[PlyCount "100"]
[EventDate "2006.09.02"]
[EventRounds "9"]
[EventCountry "AUT"]

1.c4 e6 2.d4 Nf6 3.Bg5 d5 4.Nc3 Nbd7 5.e3 Be7 6.Qc2 O-O 7.Nf3 a6 8.cxd5 exd5
9.Bd3 Re8 10.O-O Nf8 11.Rab1 c6 12.Ne5 Ne4 13.Bf4 Nxc3 14.bxc3 f6 15.Nf3 b5
16.a4 Bd6 17.Bxd6 Qxd6 18.e4 Bg4 19.Nd2 Ng6 20.f3 Bd7 21.Nb3 Nf4 22.Nc5 Nxd3
23.Qxd3 Re7 24.Rfe1 Be8 25.Re3 Bg6 26.Rbe1 Rea7 27.Qd2 dxe4 28.fxe4 Rd8 29.Qb2
Bf7 30.Qb4 a5 31.Qb2 b4 32.Rd1 Qxc5 33.dxc5 Rxd1+ 34.Kf2 Rad7 35.Re2 b3 36.c4
Bxc4 37.Qc3 Bxe2 38.Qxb3+ Kf8 39.Qb6 Bc4 40.Qxc6 Rf1+ 41.Kg3 Rd3+ 42.Kg4 Kf7
43.Kh5 Be6 44.Qc7+ Rd7 45.Qxa5 g6+ 46.Kh4 g5+ 47.Kh5 Kg7 48.g3 Rh1 49.h4 gxh4
50.gxh4 Rg1

[Event "Qualifikationsturnier zu Staat"]
[Site "KOeflach"]
[Date "2006.09.09"]
[Round "8"]
[Board "1"]
[White "Fahrner, Kurt"]
[Black "Neumeier, Klaus"]
[Result "1/2-1/2"]
[WhiteElo "2346"]
[BlackElo "2283"]
[PlyCount "43"]
[EventDate "2006.09.02"]
[EventRounds "9"]
[EventCountry "AUT"]

1.d4 Nf6 2.c4 g6 3.Nc3 Bg7 4.Bg5 h6 5.Bh4 O-O 6.e3 d6 7.Bd3 Nbd7 8.Nge2 e5 9.Qc2
c6 10.Rd1 Qe7 11.O-O Re8 12.f4 exd4 13.exd4 Nf8 14.h3 N8h7 15.Kh1 Bd7 16.d5 c5
17.Rde1 Qf8 18.a4 Re3 19.Bf2 Re7 20.Bh4 Re3 21.Bf2 Re7 22.Bh4

[Event "Qualifikationsturnier zu Staat"]
[Site "KOeflach"]
[Date "2006.09.09"]
[Round "8"]
[Board "1"]
[White "Baumegger, Siegfried"]
[Black "Lendwai, Reinhard"]
[Result "1/2-1/2"]
[WhiteElo "2411"]
[BlackElo "2428"]
[PlyCount "63"]
[EventDate "2006.09.02"]
[EventRounds "9"]
[EventCountry "AUT"]

1.e4 c5 2.Nc3 Nc6 3.Nf3 d6 4.d4 cxd4 5.Nxd4 e6 6.Be2 Nf6 7.O-O Be7 8.Be3 O-O
9.f4 e5 10.Nf5 Bxf5 11.exf5 exf4 12.Rxf4 d5 13.Kh1 Bd6 14.Rf1 Re8 15.Bg5 d4
16.Nb5 Be5 17.Bf3 Rc8 18.a4 a6 19.Na3 Bb8 20.Nc4 Nb4 21.b3 b5 22.axb5 axb5
23.Na3 Rc5 24.Qd2 Rxf5 25.g3 h6 26.Bxf6 Qxf6 27.Bg2 Bd6 28.Nxb5 Bc5 29.c3 dxc3
30.Nxc3 Rxf1+ 31.Rxf1 Qd4 32.Qxd4

[Event "Qualifikationsturnier zu Staat"]
[Site "KOeflach"]
[Date "2006.09.09"]
[Round "8"]
[Board "1"]
[White "Ganaus, Hannes"]
[Black "Bawart, Markus"]
[Result "1-0"]
[WhiteElo "2318"]
[BlackElo "2334"]
[PlyCount "155"]
[EventDate "2006.09.02"]
[EventRounds "9"]
[EventCountry "AUT"]

1.c4 c5 2.g3 Nc6 3.Bg2 Nf6 4.Nc3 e6 5.Nf3 Be7 6.O-O O-O 7.b3 Rb8 8.d4 Qa5 9.Bb2
cxd4 10.Nxd4 a6 11.e4 Rd8 12.Nxc6 dxc6 13.Qe2 e5 14.a3 b5 15.b4 Qc7 16.c5 Be6
17.Rfd1 Bc4 18.Qf3 a5 19.Rxd8+ Rxd8 20.Rd1 axb4 21.axb4 Be6 22.h3 Rxd1+ 23.Qxd1
Qd7 24.Qxd7 Nxd7 25.Bc1 Nb8 26.Bd2 Na6 27.Nd1 Bb3 28.Nb2 Kf8 29.Bf3 Ke8 30.Nd3
f6 31.Kf1 Bc4 32.Be2 Kd7 33.Nb2 Ba2 34.Ke1 g6 35.Bc3 Be6 36.h4 h5 37.Nd3 Bf8
38.f4 exf4 39.gxf4 Be7 40.Kf1 Ba2 41.f5 gxf5 42.exf5 Bb1 43.Kf2 Nc7 44.Nf4 Bxf5
45.Bxh5 Ne6 46.Nxe6 Kxe6 47.Bf3 Kd7 48.Kg3 Bg6 49.h5 Bh7 50.Kf4 f5 51.Bd1 Bh4
52.Bb3 Ke7 53.Bc2 Ke6 54.Bb3+ Ke7 55.Bd1 Ke6 56.Bf3 Kd7 57.h6 Bd8 58.Bh5 Bc7+
59.Kg5 f4 60.Bg4+ Ke7 61.Bf3 Kd7 62.Kf6 Bd8+ 63.Kg7 Bd3 64.h7 Bxh7 65.Kxh7 Bh4
66.Kg6 Bf2 67.Kf5 Be3 68.Ke5 Bc1 69.Kf6 Be3 70.Bg4+ Kc7 71.Ke6 Bc1 72.Bf3 Be3
73.Be5+ Kb7 74.Kd6 Bd2 75.Bxc6+ Ka6 76.Bd5 Bxb4 77.Bxf4 Ba3 78.Bd2

[Event "Qualifikationsturnier zu Staat"]
[Site "KOeflach"]
[Date "2006.09.09"]
[Round "8"]
[Board "1"]
[White "Neuschmied, Siegfried"]
[Black "Lenz, Alarich"]
[Result "1-0"]
[WhiteElo "2295"]
[BlackElo "2196"]
[PlyCount "105"]
[EventDate "2006.09.02"]
[EventRounds "9"]
[EventCountry "AUT"]

1.e4 e6 2.d4 d5 3.Nd2 Be7 4.Bd3 c5 5.dxc5 Nf6 6.Qe2 O-O 7.Ngf3 a5 8.O-O Na6 9.e5
Nd7 10.c4 Naxc5 11.Bc2 dxc4 12.Nxc4 b5 13.Nd6 Nxe5 14.Nxb5 Nxf3+ 15.Qxf3 Bb7
16.Qh3 f5 17.Bf4 Qb6 18.a4 Bc6 19.Nd4 Bd5 20.Rfd1 Rad8 21.Qg3 Rd7 22.Nb5 Bf6
23.Bd6 Be7 24.Bc7 Qa6 25.Be5 Bf6 26.Bd6 Be7 27.Be5 Bf6 28.Rac1 Qb6 29.Rd4 Rfd8
30.Rcd1 Qc6 31.f3 Na6 32.Nc3 Bxe5 33.Qxe5 Nb4 34.Qe2 Nxc2 35.Qxc2 Qb6 36.Qf2 Qb3
37.R4d2 Kf7 38.Qc5 Bc6 39.Rxd7+ Rxd7 40.Rxd7+ Bxd7 41.Qxa5 Qxb2 42.Qc7 Qc1+
43.Kf2 Qd2+ 44.Ne2 Kg6 45.Qe5 Kf7 46.Qc7 Ke8 47.a5 Qd3 48.Qb8+ Kf7 49.Qe5 Bb5
50.Nf4 Qd2+ 51.Kg3 g5 52.Qxe6+ Kf8 53.Qxf5+